| 000 | 00379nam a2200145Ia 4500 | ||
|---|---|---|---|
| 008 | 230917s9999||||xx |||||||||||||| ||und|| | ||
| 040 |
_e61803 _aMAIN |
||
| 041 | _aEnglish | ||
| 082 | _a363.6 S15R | ||
| 100 | _aSiebert, Horst, ed. | ||
| 245 | 0 | _aRegional environmental policy: The economic issues | |
| 260 |
_aLondon _bMacmillan _c1980 |
||
| 300 | _axii, 290 p. | ||
| 942 | _cBK | ||
| 999 |
_c224090 _d224090 |
||